| Tag |
First Indicator |
Second Indicator |
Subfields |
| LEADER |
00000cam a2200000 a 4500 |
| 001 |
in00001024708 |
| 005 |
20150928121200.0 |
| 008 |
900608s1991 nbu b s0001 eng |
| 010 |
|
|
|a 90041111
|
| 020 |
|
|
|a 0803263430 (pbk.) :
|c $10.95
|
| 020 |
|
|
|a 080321443X (cl. : alk.)
|
| 035 |
|
|
|a (OCoLC)21972960
|
| 035 |
|
|
|9 AFF9281AM
|
| 040 |
|
|
|a DLC
|c DLC
|d TXA
|d UtOrBLW
|
| 041 |
1 |
|
|a eng
|h fre
|
| 049 |
|
|
|a TXAM
|
| 050 |
0 |
0 |
|a PQ2663.I9
|b L5813 1991
|
| 082 |
0 |
0 |
|a 843/.914
|2 20
|
| 100 |
1 |
|
|a Cixous, Hélène,
|d 1937-
|
| 240 |
1 |
0 |
|a Livre de Promethea.
|l English
|
| 245 |
1 |
4 |
|a The book of Promethea =
|b Le livre de Promethea /
|c Hélène Cixous ; translated & with an introduction by Betsy Wing.
|
| 246 |
3 |
1 |
|a Le livre de Promethea
|
| 264 |
|
1 |
|a Lincoln :
|b University of Nebraska Press,
|c 1991.
|
| 300 |
|
|
|a xiv, 211 pages ;
|c 23 cm.
|
| 336 |
|
|
|a text
|b txt
|2 rdacontent
|
| 337 |
|
|
|a unmediated
|b n
|2 rdamedia
|
| 338 |
|
|
|a volume
|b nc
|2 rdacarrier
|
| 490 |
1 |
|
|a European women writers series
|
| 500 |
|
|
|a Translation of: Le livre de Promethea.
|
| 504 |
|
|
|a Includes bibliographical references (pages xiv).
|
| 830 |
|
0 |
|a European women writers series.
|
| 999 |
|
|
|a MARS
|
| 999 |
f |
f |
|s a66923d3-66e5-3da6-90b9-85c37b67498b
|i 336d292b-7faa-372e-982b-0b00f2c1f3e4
|t 0
|
| 952 |
f |
f |
|p ric
|a Texas A&M University
|b Rellis Campus
|c Joint Library Facility
|d Remote Storage
|t 0
|e PQ2663.I9 L5813 1991
|h Library of Congress classification
|i unmediated -- volume
|m A14809467468
|
| 998 |
f |
f |
|a PQ2663.I9 L5813 1991
|t 0
|l Remote Storage
|